| 000 -LEADER |
| fixed length control field |
01318nam a22001815i 4500 |
| 003 - CONTROL NUMBER IDENTIFIER |
| control field |
OSt |
| 005 - DATE AND TIME OF LATEST TRANSACTION |
| control field |
20260218170104.0 |
| 008 - FIXED-LENGTH DATA ELEMENTS--GENERAL INFORMATION |
| fixed length control field |
240530s2024 mau 000 0 eng |
| 020 ## - INTERNATIONAL STANDARD BOOK NUMBER |
| International Standard Book Number |
9783035628920 |
| Qualifying information |
(hardcover) |
| 035 ## - SYSTEM CONTROL NUMBER |
| System control number |
23712842 |
| 100 1# - MAIN ENTRY--PERSONAL NAME |
| Personal name |
Samuel, Flora, |
| Relator term |
author. |
| 245 10 - TITLE STATEMENT |
| Title |
Sacred concrete : |
| Remainder of title |
the churches of le corbusier / |
| Statement of responsibility, etc |
Flora Samuel, Inge Linder-Gaillard. |
| 263 ## - PROJECTED PUBLICATION DATE |
| Projected publication date |
2408 |
| 300 ## - PHYSICAL DESCRIPTION |
| Extent |
pages cm |
| 520 ## - SUMMARY, ETC. |
| Summary, etc |
"Le Corbusier not only designed and built churches, but also engaged intensely with religion and faith and, through his oeuvre, had a significant impact on church architecture of the twentieth century. The book explains Le Corbusier's relationship with religion; it introduces his designs for La Sainte-Baume, the Chapel of Notre Dame du Haut de Ronchamp, La Tourette monastery, and the church of St. Pierre, and investigates his impact on the ensuing modern church architecture in Europe. This includes the Jubilee Church by Richard Meier, the Ignatius Chapel by Steven Holl, the Santa Maria Church by Álvaro Siza, TadaoAndo's Meditation Space, and the Chapel of Reconciliation by Reitermann & Sassenroth. For the third edition, the introduction, the conclusion, and the bibliography have been revised and supplemented"-- |
| 700 1# - ADDED ENTRY--PERSONAL NAME |
| Personal name |
Linder-Gaillard, Inge, |
| Relator term |
author. |
| 942 ## - ADDED ENTRY ELEMENTS (KOHA) |
| Source of classification or shelving scheme |
|